Practical computing : (Record no. 155229)

MARC details
000 -LEADER
fixed length control field 00836cam a2200253Ia 4500
008 - FIXED-LENGTH DATA ELEMENTS--GENERAL INFORMATION
fixed length control field
020 ## - INTERNATIONAL STANDARD BOOK NUMBER
International Standard Book Number 0434918571 (pbk)
049 ## - LOCAL HOLDINGS (OCLC)
Holding library MAIN
090 ## - LOCALLY ASSIGNED LC-TYPE CALL NUMBER (OCLC); LOCAL CALL NUMBER (RLIN)
Classification number (OCLC) (R) ; Classification number, CALL (RLIN) (NR) TX911.3.E4
003 - CONTROL NUMBER IDENTIFIER
control field
005 - DATE AND TIME OF LATEST TRANSACTION
control field 20230123133824.0
040 ## - CATALOGING SOURCE
Transcribing agency NUST
100 1# - MAIN ENTRY--PERSONAL NAME
Personal name Smith, Jill.
245 10 - TITLE STATEMENT
Title Practical computing :
Remainder of title a guide for hotel and catering students /
Statement of responsibility, etc. Jill Smith.
260 ## - PUBLICATION, DISTRIBUTION, ETC.
Place of publication, distribution, etc. Oxford :
Name of publisher, distributor, etc. Heinemann Professional ,
Date of publication, distribution, etc. c1990.
300 ## - PHYSICAL DESCRIPTION
Extent vii, 211 p. :
Other physical details ill. ;
Dimensions 25 cm.
500 ## - GENERAL NOTE
General note Includes index.
500 ## - GENERAL NOTE
General note Porte sur la couv. : "Ideal for BTEC and city and guilds".
650 #0 - SUBJECT ADDED ENTRY--TOPICAL TERM
Topical term or geographic name entry element Food service
General subdivision Data processing.
650 #7 - SUBJECT ADDED ENTRY--TOPICAL TERM
Topical term or geographic name entry element H�otels
General subdivision gestion.
Source of heading or term ram
653 ## - INDEX TERM--UNCONTROLLED
Uncontrolled term Catering industries
-- Applications of computer systems
907 ## - LOCAL DATA ELEMENT G, LDG (RLIN)
a .b10071520
b 16-01-06
c 17-04-03
942 ## - ADDED ENTRY ELEMENTS (KOHA)
Koha item type Ordinary Loan Books
Call number prefix TX911.3.E4
Holdings
Date last seen Total Checkouts Full call number Barcode Cost, replacement price Price effective from Koha item type Lost status Source of classification or shelving scheme Damaged status Not for loan Collection Withdrawn status Home library Current library Shelving location Date acquired Cost, normal purchase price
01/23/2023 3 TX911.3.E4 SMI 92003018133 80.00 01/23/2023 BOOKS   LCC     NFIC   MAIN MAIN GEN 01/23/2023 80.00